| 000 | 00861nam a2200265Ia 4500 | ||
|---|---|---|---|
| 005 | 20220317000508.0 | ||
| 008 | 160601s2003 ve g 000 0 spa | ||
| 020 | _a9802571148 | ||
| 245 | 0 | 0 |
_aChumba la cachumba _cilustrado por Carlos Cotte |
| 250 | _aSexta edición | ||
| 264 | 1 |
_aCaracas _bEkaré _bBabel Libros _c2003 |
|
| 300 |
_a[32] páginas sin enumerar _bilustraciones _c15 cm |
||
| 336 |
_atexto _btxt _2rdacontent |
||
| 337 |
_asin mediación _bn _2rdamedia |
||
| 338 |
_avolumen _bnc _2rdacarrier |
||
| 650 | 1 | 4 |
_2LEMB _aPoesía infantil |
| 650 | 1 | 4 |
_2LEMB _aLiteratura infantil |
| 650 | 1 | 4 |
_2LEMB _aRondas infantiles |
| 650 | 1 | 4 |
_2LEMB _aRimas infantiles |
| 700 | 1 |
_aCotte, Carlos _eilustrador _9118962 |
|
| 700 | 1 |
_aIribarren, Elena _deditora _9118963 |
|
| 942 |
_2loc _cBKLIT |
||
| 040 |
_aCO-BoRNBP _bspa _erda _cCO-BoRNBP |
||
| 084 | _aP CHU1 | ||
| 999 |
_c4207 _d4207 |
||